000 005560000a22001810004500
003 MACL
005 20211207124410.0
008 160501b xxu||||| |||| 00| 0 eng d
040 _aMACL
_cMACL
041 _aHindi
082 _a800
100 _aशर्मा रामकृष्‍ण
_954747
245 _aसूरदास ब्रजलीला भूमि
260 _bअमर प्रकाशन
_c2007
_aमथुरा
350 _a200
650 _aकाव्‍यालोचना
_954748
942 _cHIN
_k800/SHA/L
_2ddc
999 _c11464
_d11464